Grand Larousse. T.4

Сохранить в:
Библиографические подробности
Формат:
Язык:Undetermined
Опубликовано: Paris Larousse 1960
Предметы:
Метки: Добавить метку
Нет меток, Требуется 1-ая метка записи!
Thư viện lưu trữ: Trung tâm Học liệu Trường Đại học Cần Thơ
LEADER 00407nam a2200157Ia 4500
001 CTU_25655
008 210402s9999 xx 000 0 und d
082 |a 034 
082 |b E56/T4 
245 0 |a Grand Larousse. T.4 
260 |a Paris 
260 |b Larousse 
260 |c 1960 
650 |a encyclopedias and dictionaries 
904 |i Minh, 980929 
980 |a Trung tâm Học liệu Trường Đại học Cần Thơ